Genealogical table of Sri Lankan Muslims: (Record no. 158)

MARC details
000 -LEADER
fixed length control field 008830000a22002290004500
003 - CONTROL NUMBER IDENTIFIER
control field LK-CoMWRAF
005 - DATE AND TIME OF LATEST TRANSACTION
control field 20240605095416.0
008 - FIXED-LENGTH DATA ELEMENTS--GENERAL INFORMATION
fixed length control field 230817t1996 ||||| |||| 00| 0 eng d
020 ## - INTERNATIONAL STANDARD BOOK NUMBER
International Standard Book Number 9559470000
040 ## - CATALOGING SOURCE
Original cataloging agency LK-CoMWRAF
Modifying agency LK-CoMWRAF
Description conventions LK-CoMWRAF
041 ## - LANGUAGE CODE
Language code of text/sound track or separate title English
082 ## - DEWEY DECIMAL CLASSIFICATION NUMBER
Classification number 929.2
Item number SAM
942 ## - ADDED ENTRY ELEMENTS (KOHA)
Koha item type Books
100 ## - MAIN ENTRY--PERSONAL NAME
Personal name Sameer, Mohammed Fazli Hussain
100 ## - MAIN ENTRY--PERSONAL NAME
Personal name Sameer, Ahmed Firoze
245 ## - TITLE STATEMENT
Title Genealogical table of Sri Lankan Muslims:
Remainder of title Family tree data
260 ## - PUBLICATION, DISTRIBUTION, ETC. (IMPRINT)
Place of publication, distribution, etc. Colombo:
Name of publisher, distributor, etc. Bits & Bytes,
Date of publication, distribution, etc. 1996
300 ## - PHYSICAL DESCRIPTION
Extent 20, 143-3 pages ; 30 cm
520 ## - SUMMARY, ETC.
Summary, etc. <br/>"From the archives of the late Mohammed Sameer bin Haji Ismail Effendi bin Sahib Dorai, the vivid memory of Ummu Thahira Shariff and the generous cooperation of the members of the Muslim community in Sri Lanka."<br/>"Version 1-June 1996."
650 ## - SUBJECT ADDED ENTRY--TOPICAL TERM
Topical term or geographic name as entry element GENEALOGY- Muslims
650 ## - SUBJECT ADDED ENTRY--TOPICAL TERM
Topical term or geographic name as entry element Muslims- Sri Lanka- Genealogy
Holdings
Withdrawn status Lost status Damaged status Not for loan Permanent Location Current Location Date acquired Full call number Barcode Koha item type
        Resource center, Muslim Women's Research And Action Forum Resource center, Muslim Women's Research And Action Forum 2023-08-17 929.2 SAM RAF3995 Books

Copyright © 2023 Muslim Women's Research and Action Forum (MWRAF), No 27/3, Anderson Road, Kalubowila, Dehiwela. Funded by The Asia Fundation